| 000 | 00554nam a2200193 a 4500 | ||
|---|---|---|---|
| 001 | 3205 | ||
| 003 | CDMR | ||
| 005 | 20131107160529.0 | ||
| 008 | 130130s1991||||||||||||||||||||||||||||d | ||
| 040 |
_aCDMR _bcat _cCDMR |
||
| 100 | 1 |
_aRodríguez González, Félix _92324 |
|
| 245 | 1 | 0 |
_aPrensa y lenguaje político _cFélix Rodriguez González |
| 260 |
_aMadrid _c1991 _bFundamentos |
||
| 300 |
_a308 p ; _c19 cm |
||
| 490 | 0 |
_aCiencia. Serie Linguística _v165 |
|
| 650 | 0 | 4 |
_aPremsa i llenguatge _92326 |
| 650 | 0 | 4 |
_aPremsa i política _93470 |
| 942 |
_cMON _2udc |
||
| 999 |
_c3205 _d3205 |
||